000 00528nam a2200157 a 4500
001 000042478
005 20201002040159.0
008 131204s2005 dr ac 000 0 spa d
040 _aDO-SdBNP
_bspa
_cBNPHU
082 _axx
_bxx
245 0 0 _aCIE-10 clasificación internacional de enfermedades :
_bversión modificada ARS PALIC SALUD, 2005) /.
260 _a[Santo Domingo] :
_bARS Palic Salud,
_c2005.
300 _a95 p. ;
_c21 cm.
590 _aInventariado, 2019/VM
710 2 _aARS Palic Salud (República Dominicana)
_969660
999 _c41967
_d41967